Frieren season 1 characters - Statistics

General Stats
  • This quiz has been taken 80 times
  • The average score is 15 of 45
Answer Stats
Hint Answer % Correct
The main protagonist Frieren
100%
Hero of the Hero Party Himmel
95%
Frieren's mage apprentice Fern
92%
Eisen's apprentice who joins Frieren's party Stark
90%
Dwarf and the former warrior of the Hero Party Eisen
89%
"Corrupt priest" Heiter
84%
"... the Guillotine" Aura
77%
Frieren's mentor Flamme
77%
The head of Continental Magic Association Serie
63%
Goatee Priest Sein
55%
Participant in the exam who uses a spell that cuts thorugh objects Übel
52%
Well-known imperial mage and also a participant in the Exam Denken
44%
Old friend of Goatee Priest Gorilla
40%
Antagonist that was defeated by the Hero Party at the end of their journey Demon King
39%
"Four-eyes" Land
39%
The captain of the Northern Magic Corps who also takes part in the Exam Wirbel
37%
Third-class mage who specializes in manipulating water Kanne
35%
Third-class mage who specializes in manipulating ice Lawine
35%
The proctor of the second part of the First-Class Mage Exam Sense
27%
Monk elf Kraft
26%
Second-class mage who participated in the Exam and owns a magical store in Äußerst Richter
26%
Second-class mage who was beaten by Fern in the first part of the Exam Ehre
24%
Participant in the Exam who utilizes a spell called Jilwer which allows her to move at insanely high speeds Laufen
24%
A small bird that the participants of the First-class Exam have to catch in order to pass the first part Stille
24%
The proctor of the first part of the First-Class Mage Exam Genau
23%
Demon that Frieren has sealed for 80 years and learned the spell Zoltraak from Qual
21%
Participant in the Exam who fights Fern's replica and calls the head of Continental Magic Association "cute" Methode
19%
Participant in the Exam who can turn flowers into metallic shards Scharf
19%
Human mage who attacks Frieren in the last episode Lernen
15%
Demon serving Aura who is capable of copying fighting techniques of other people Linie
15%
Demon serving Aura who is capable of blood manipulation Lügner
13%
An elderly dwarven warrior and an old friend of Frieren Voll
13%
Participant in the Exam who specializes on hypnosis magic Edel
11%
Stark's older brother Stoltz
11%
Nobleman after whom is named the city which he takes care of Graf Granat
10%
Demon who tries to kill Frieren while she is locked up in jail Draht
8%
Chef in Äußerst who served the Hero Party Lecker
8%
Lord Orden's second son Mut
8%
First-class mage who was killed while proctoring a second-class mage exam despite his prowess in defensive magic Burg
6%
Current head of the ... family who presides over Vorig Lord Orden
6%
Nickname for an "elderly adamant female" who tells us where the Goatee's old friend went to Stubborn old woman
6%
Lord Orden's deceased son Wirt
6%
Lord Orden's servant Gabel
5%
A blacksmith mentioned by the "elderly adamant female" Nagel
2%
Participant in the Exam who was in the group of 3 mages that was first confronted by the replica of the Proctor of the second part of the exam Dünste
0%
No matching quizzes found
Score Distribution
Percent of People with Each Score
Percentile by Number Answered
Your Score History
You have not taken this quiz